| 000 | 01011pam a2200289 a 4500 | ||
|---|---|---|---|
| 999 |
_c1592 _d1592 |
||
| 001 | 1162614 | ||
| 003 | OSt | ||
| 005 | 20210629064805.0 | ||
| 008 | 960531s1997 ilua b 001 0 eng | ||
| 010 | _a 96023435 | ||
| 020 | _a0844259527 (pbk.) | ||
| 040 |
_aDLC _cALUPE UNIVERSITY _dDLC |
||
| 042 | _alcac | ||
| 050 | 0 | 0 |
_aPN4797 _b.H35 1997 |
| 082 | 0 | 0 |
_a070.4/023 _220 |
| 100 | 1 | _aHarkrider, Jack. | |
| 245 | 1 | 0 |
_aGetting started in journalism / _cJack Harkrider. |
| 250 | _a3rd ed. | ||
| 260 |
_aLincolnwood, Ill., USA : _bNational Textbook Co., _cc1997. |
||
| 300 |
_aviii, 141 p. : _bill. ; _c28 cm. |
||
| 500 | _aIncludes index. | ||
| 650 | 0 |
_aJournalism _xVocational guidance. |
|
| 856 | 4 | 2 |
_3Contributor biographical information _uhttp://www.loc.gov/catdir/enhancements/fy0737/96023435-b.html |
| 906 |
_a7 _bcbc _corignew _d1 _eocip _f19 _gy-gencatlg |
||
| 942 |
_2lcc _cBK _nPW |
||